El drama del aborto. (Registro nro. 2255)

Detalles MARC
000 -LEADER
fixed length control field 01462nam a2200337 a 4500
008 - CAMPO DE CONTROL (LIBRO)
fixed length control field 110701t2011 ag |||f |||| 001 0 spa d
020 ## - INTERNATIONAL STANDARD BOOK NUMBER
ISBN 9789501245677
041 ## - CODIGO DE IDIOMA
Código de idioma del texto/pista de sonido o título separado spa
092 ## - SIGNATURA TOPOGRAFICA DEWEY LOCAL
número de clasificación 304.6
libristica 24
sección FAU
100 1# - ENTRADA PRINCIPAL--NOMBRE PERSONAL
Nombre personal Faundes, Anibal
9 (RLIN) 3059
245 #3 - TITULO PROPIAMENTE DICHO
Título El drama del aborto.
Subtítulo y Título paralelo En busca de un consenso /
Mención de responsabilidad y remanente de la transcripción de la portada Aníbal Faúndes
250 ## - MENCION DE EDICION
Mención de edición 1a ed.
260 ## - PIE DE IMPRENTA
Lugar de publicación, distribución, etc Buenos Aires:
Nombre de la editorial, distribuidor, etc Paidós;
Fecha de publicación 2011.
300 ## - DESCRIPCION FISICA
Extension 272 p.
Dimensiones 21x13 cm.
500 ## - NOTA GENERAL
Nota general Faundes, A. y Barzelatto, J. (2011). El drama del aborto. En busca de un consenso. (1a ed.). Buenos Aires : Paidos.
653 ## - TÉRMINO INDIZADO - PALABRAS CLAVES
Palabra clave Escuchando a las mujeres: porqué decidieron abortar
653 #3 - TÉRMINO INDIZADO - PALABRAS CLAVES
Palabra clave El significado de las palabras
653 #3 - TÉRMINO INDIZADO - PALABRAS CLAVES
Palabra clave La magnitud deñ aborto inducido
653 #1 - TÉRMINO INDIZADO - PALABRAS CLAVES
Palabra clave ¿Porqué las mujeres se embarazan cuando no lo desean?
653 #1 - TÉRMINO INDIZADO - PALABRAS CLAVES
Palabra clave ¿Porqué un embarazo es tan poco deseado que termina en un aborto
653 #4 - TÉRMINO INDIZADO - PALABRAS CLAVES
Palabra clave Los profesionales de la salud frente a valores en conflicto
653 ## - TÉRMINO INDIZADO - PALABRAS CLAVES
Palabra clave Valores religiosos
653 ## - TÉRMINO INDIZADO - PALABRAS CLAVES
Palabra clave Valores éticos
653 #4 - TÉRMINO INDIZADO - PALABRAS CLAVES
Palabra clave Los valores tal como se reflejan en la legislación
653 ## - TÉRMINO INDIZADO - PALABRAS CLAVES
Palabra clave Cómo reducir la cantidad de abortos
653 ## - TÉRMINO INDIZADO - PALABRAS CLAVES
Palabra clave Cómo reducir el costo humano, social y económico del aborto
653 #3 - TÉRMINO INDIZADO - PALABRAS CLAVES
Palabra clave La paradoja: declararse "contra el aborto" y oponerse a la prevención de los embarazos no deseados
653 ## - TÉRMINO INDIZADO - PALABRAS CLAVES
Palabra clave Hacia un "consenso entrecruzado" en materia del aborto
700 1# - ENTRADAS SECUNDARIAS - NOMBRE PERSONAL
Nombre personal Barzelatto, José
Función Col.
9 (RLIN) 3060
942 ## - ADDED ENTRY ELEMENTS (KOHA)
Source of classification or shelving scheme Dewey Decimal Classification
Item type Libros
Existencias
Estado de retiro Existencia Fuente de clasificación Estado general No para prestamo Ubicación permanente ubicación actual Sala de ubicación Fecha de adquisición Total Checkouts Número de clasificación Código de barras Date last seen Número de ejemplar Price effective from Koha tipo de elemento (item)
    Dewey Decimal Classification     Biblioteca Medicina Biblioteca Medicina Circulación 05/05/2016   304.6 3582 05/05/2016 Ej.1 05/05/2016 Libros

UNIVERSIDAD NACIONAL DEL COMAHUE
Biblioteca de la Facultad de Ciencias Médicas
Sede Toschi: Los Arrayanes y Av. Toschi, Cipolletti  - Rio Negro
Sede Los Tordos:  Yrigoyen al 2211, Cipolletti - Rio Negro 

Teléfono: 0299 - 4774707 int 25
Contacto: biblioteca@facimed.uncoma.edu.ar
© 2011 - 2026